| 000 | 00593nam a2200181Ia 4500 | ||
|---|---|---|---|
| 003 | GCL | ||
| 008 | 140319s9999 xx 000 0 ara d | ||
| 040 |
_aGCL / _cGCL |
||
| 082 | 0 | 4 |
_a796.1 _bم ق |
| 100 | 1 | _aمحمد صبحى حسانين | |
| 245 | 1 | 0 |
_aالقوام السليم للجميع / _cمحمد صبحى حسانين |
| 700 | 1 | _aمحمد عبدالسلام راغب | |
| 260 |
_aالقاهرة : _bدار الفكر العربى |
||
| 300 |
_a438ص ؛ _c24سم |
||
| 650 | 0 | 4 | _aالرياضة البدنية |
| 650 | 0 | 4 | _aالتمرينات الرياضية |
| 942 |
_2ddc _cBK |
||
| 999 |
_c39095 _d39095 |
||